000
00316nam a22001457a 4500
008
211020b ||||| |||| 00| 0 eng d
020
_a
9781305655928
041
_a
eng
080
_a
573
082
_a
573
100
_a
11
101
_a
BIO
245
_a
Biology The Dynamic Science
_c
Russell,
942
_2
udc
_c
BK
999
_c
58310
_d
58310